000 01883cam a22005414i 4500
003 PE-LiUPU
005 20250731165444.0
008 161107s r 000 0 spa d
020 _a8491160035
020 _a9788491160038
035 _a(Sirsi) a164933
040 _aPE-LiUPU
049 _aPRUA
082 0 4 _a070.097
_bF48
_220
100 1 _aFigaro, Roseli,
_eautor.
040 _aPE-LiUPU
245 1 4 _aLos cambios en el mundo del trabajo del periodista /
_cRoseli Figaro, Cláudia Nonato, Rafael Grohmann ; prólogo y epílogo de José Marques de Melo.
264 _aBarcelona :
_bEditorial UOC,
_c2015.
300 _a277 páginas :bIlustraciones ;
_c24 centímetros.
336 _text
_2rdacontent
337 _unmediated
_2rdamedia
338 _volume
_2rdacarrier
490 0 _aAtlántica de comunicación
_v15
505 0 _aPerfiles y discursos de periodistas en el mundo del trabajo -- El perfil diferenciado del periodista afiliados al sindicato de sao paolo -- El periodista como receptor -- Epílogo.
526 _aSEG44
526 _aSEG26
526 _aP151
526 _aP150
526 _aP149
526 _aP146
526 _aP145
526 _aP126
526 _aP125
526 _aP92
526 _aP75
526 _aP74
526 _aP27
526 _aP15
541 _g001-003305;
650 1 4 _aPeriodismo.
_9384
650 1 4 _aPeriodistas.
650 2 4 _aPeriodistas
_zBrasil.
700 1 _aNonato, Cláudia,
_eautor.
700 1 _aGrohmann, Rafael,
_eautor.
596 _a1
942 _2ddc
_cBOOK
999 _a070.097 F48
_wDEWEY
_c13724
_i75276
_d13724
_e2018-8-26
_f2021-11-8
_g5
_lCCODEBUL1
_mBUL
_n2
_p48.21
_r0
_sY
_tBOOK
_u2016-11-7
_xEDUCACION
_PP07
_0COMPRA
_o.STAFF. Colección Ciencias de la Comunicación.
980 _81
_gALBERTO SANCHEZ Responsable de Automatización